| 000 | 00511cab a2200193 4500 | ||
|---|---|---|---|
| 001 | X3400 | ||
| 008 | 090401t1996 xxu||||| |||| 00| 0 eng d | ||
| 035 | _a(Sirsi) u30239 | ||
| 041 | _aeng | ||
| 245 | _aNew monitoring for insurance/client accounts | ||
| 260 | _c1996 | ||
| 350 | _a0 | ||
| 490 |
_aCSM (Chartered Surveyor Monthly) _v5(6) March 1996, 49(1) |
||
| 650 | _aMONITORING SECTION | ||
| 650 | _aPROFESSIONAL INDEMNITY INSURANCE | ||
| 690 |
_aInsurance _96249 |
||
| 942 | _n0 | ||
| 948 | _c04/03/1997 | ||
| 999 |
_c20375 _d20375 |
||